[Event "Pardubice Czech op-E 34th"]
[Site "Pardubice"]
[Date "2023.07.16"]
[Round "6"]
[White "Pecka, Jan"]
[Black "Postl, Petr"]
[Result "0-1"]
[WhiteElo "2054"]
[BlackElo "1928"]
[PlyCount "72"]
[EventDate "2023.07.13"]
[EventType "team-swiss"]
[EventRounds "7"]
[EventCountry "CZE"]
[SourceTitle "CBM 215 Extra"]
[Source "ChessBase"]
[SourceDate "2023.09.30"]
[SourceVersion "1"]
[SourceVersionDate "2023.09.30"]
[SourceQuality "1"]
[WhiteTeam "Kobylisy II"]
[BlackTeam "Zapadocesky Express"]
[WhiteTeamCountry "CZE"]
[BlackTeamCountry "CZE"]

1. e4 d6 2. d4 g6 3. c4 Bg7 4. Nc3 Nf6 5. f3 0-0 6. Be3 c6 7. Qd2 e5 8. d5 Qc7 9. 0-0-0 Rd8 10. Kb1 a6 11. g4 c5 12. Nge2 Nbd7 13. Ng3 Nf8 14. Bd3 Rb8 15. Rdg1 Bd7 16. Bh6 Ne8 17. h4 b5 18. h5 bxc4 19. Bxc4 Bb5 20. Bxb5 axb5 21. Nf5 b4 22. Ne2 c4 23. Bxg7 Nxg7 24. Nxg7 Kxg7 25. Ng3 f6 26. hxg6 hxg6 27. g5 c3 28. gxf6+ Kxf6 29. Nh5+ Ke7 30. Qg5+ Kd7 31. Qg4+ Ke7 32. Ng7 b3 33. Nf5+ Ke8 34. Rh8 bxa2+ 35. Ka1 cxb2+ 36. Kxa2 b1Q+ 0-1

[Event "Pardubice Czech op-E 34th"]
[Site "Pardubice"]
[Date "2023.07.15"]
[Round "5"]
[White "Pecka, Jan"]
[Black "Hlavina, Matous"]
[Result "1/2-1/2"]
[WhiteElo "2054"]
[BlackElo "2134"]
[PlyCount "140"]
[EventDate "2023.07.13"]
[EventType "team-swiss"]
[EventRounds "7"]
[EventCountry "CZE"]
[SourceTitle "CBM 215 Extra"]
[Source "ChessBase"]
[SourceDate "2023.09.30"]
[SourceVersion "1"]
[SourceVersionDate "2023.09.30"]
[SourceQuality "1"]
[WhiteTeam "Kobylisy II"]
[BlackTeam "Ricany 1925"]
[WhiteTeamCountry "CZE"]
[BlackTeamCountry "CZE"]

1. e4 e6 2. d4 d5 3. Bd3 c5 4. exd5 exd5 5. dxc5 Bxc5 6. Nf3 Nf6 7. 0-0 0-0 8. Nbd2 Bg4 9. Nb3 Bb6 10. c3 Nc6 11. Bf4 Re8 12. Bg3 Rc8 13. Re1 Rxe1+ 14. Qxe1 Bxf3 15. gxf3 Nh5 16. Bf5 Ra8 17. Rd1 Nxg3 18. hxg3 Qg5 19. Rxd5 Qxg3+ 20. Kf1 Qxf3 21. Be4 Qh3+ 22. Bg2 Qh4 23. Rd7 Rd8 24. Rxd8+ Qxd8 25. Qd2 Qf6 26. Qe2 g6 27. Nd2 Kg7 28. Ne4 Qf4 29. Qd2 Qh4 30. Nd6 Ne5 31. Ne8+ Kf8 32. Nd6 Ng4 33. Ne4 Kg7 34. c4 Qe7 35. c5 Bc7 36. Nd6 b6 37. Qd4+ Nf6 38. b4 Qd7 39. Bf3 h5 40. Kg1 Qe6 41. a4 Kh7 42. Kg2 Kg8 43. Nb5 bxc5 44. bxc5 Be5 45. Qd8+ Qe8 46. Qxe8+ Nxe8 47. Nxa7 Bd4 48. Nb5 Bxc5 49. a5 Nd6 50. Nxd6 Bxd6 51. a6 Bc5 52. Bd5 Kg7 53. f3 Ba7 54. Bc6 g5 55. Be8 Kf6 56. Bd7 Ke5 57. Be8 Ke6 58. Bb5 f5 59. Be8 h4 60. Bc6 Ke5 61. Bb7 Kf4 62. Bc8 Bb8 63. Bb7 g4 64. fxg4 fxg4 65. Bc8 h3+ 66. Kh1 Kf3 67. a7 Bxa7 68. Bxg4+ Kxg4 69. Kh2 Bb8+ 70. Kh1 Bc7 1/2-1/2

[Event "Klatovy op-A 29th"]
[Site "Klatovy"]
[Date "2023.07.07"]
[Round "7"]
[White "Simak, Roman"]
[Black "Pecka, Jan"]
[Result "0-1"]
[WhiteElo "1838"]
[BlackElo "2054"]
[PlyCount "30"]
[EventDate "2023.07.01"]
[EventType "swiss"]
[EventRounds "9"]
[EventCountry "CZE"]
[SourceTitle "CBM 215 Extra"]
[Source "ChessBase"]
[SourceDate "2023.09.30"]
[SourceVersion "1"]
[SourceVersionDate "2023.09.30"]
[SourceQuality "1"]

1. e4 c5 2. b3 d6 3. Bb2 Nf6 4. Nc3 Nc6 5. Bb5 Bd7 6. a4 g6 7. Nf3 Bg7 8. Qe2 0-0 9. 0-0 Nh5 10. Nd1 Bh6 11. g3 e5 12. Nh4 Nf4 13. gxf4 Qxh4 14. fxe5 Bh3 15. exd6 Qg5+ 0-1

[Event "Klatovy op-A 29th"]
[Site "Klatovy"]
[Date "2023.07.06"]
[Round "6"]
[White "Pecka, Jan"]
[Black "Kroulik, Vaclav"]
[Result "1/2-1/2"]
[WhiteElo "2054"]
[BlackElo "1750"]
[PlyCount "94"]
[EventDate "2023.07.01"]
[EventType "swiss"]
[EventRounds "9"]
[EventCountry "CZE"]
[SourceTitle "CBM 215 Extra"]
[Source "ChessBase"]
[SourceDate "2023.09.30"]
[SourceVersion "1"]
[SourceVersionDate "2023.09.30"]
[SourceQuality "1"]

1. e3 d5 2. c4 e6 3. Nf3 Nf6 4. b3 b6 5. Bb2 Bb7 6. Be2 Bd6 7. 0-0 0-0 8. d3 Nbd7 9. Nbd2 Re8 10. Rc1 Rc8 11. Qc2 c5 12. Qb1 Qe7 13. Rfe1 Qf8 14. Qa1 Bb8 15. Bf1 a6 16. a3 dxc4 17. Nxc4 b5 18. Nce5 Nxe5 19. Nxe5 Red8 20. f4 Nd5 21. Rc2 f6 22. Ng4 Ba7 23. Qc1 h5 24. Nf2 Qf7 25. e4 Ne7 26. Be2 Nc6 27. Qd1 Nd4 28. Bxd4 Rxd4 29. Bxh5 g6 30. Bg4 f5 31. Bf3 c4 32. bxc4 bxc4 33. Qc1 Qd7 34. dxc4 Bxe4 35. Bxe4 Rxe4 36. Rxe4 fxe4 37. c5 Qd4 38. Rd2 Qxc5 39. Qd1 Qc1 40. Rd8+ Kf7 41. Rd7+ Ke8 42. Rxa7 e3 43. Rd7 exf2+ 44. Kf1 Qxf4 45. Rd4 Qe5 46. Qa4+ Qb5+ 47. Kxf2 Qxa4 1/2-1/2

[Event "Mid Bohemia Region-chT 2223"]
[Site "Czech Republic"]
[Date "2023.01.15"]
[Round "6.4"]
[White "Seifarth, Robert"]
[Black "Pecka, Jan"]
[Result "0-1"]
[WhiteElo "2199"]
[BlackElo "1739"]
[PlyCount "116"]
[EventDate "2022.10.09"]
[EventType "team-tourn"]
[EventRounds "11"]
[EventCountry "CZE"]
[SourceTitle "EXT 2024"]
[Source "ChessBase"]
[SourceDate "2023.10.10"]
[SourceVersion "1"]
[SourceVersionDate "2023.10.10"]
[SourceQuality "1"]
[WhiteTeam "Kralupy nad Vltavou"]
[BlackTeam "Cesky Brod"]
[WhiteTeamCountry "CZE"]
[BlackTeamCountry "CZE"]

1. g3 Nf6 2. Bg2 e6 3. c4 c5 4. Nf3 Nc6 5. Nc3 Be7 6. d4 cxd4 7. Nxd4 a6 8. e4 Qc7 9. 0-0 0-0 10. h3 Nxd4 11. Qxd4 Bc5 12. Qd3 h6 13. Na4 Ba7 14. Bd2 e5 15. c5 Qc6 16. b3 Bxc5 17. Rac1 d6 18. Nxc5 dxc5 19. Qc3 Re8 20. Qxc5 Qxc5 21. Rxc5 Bd7 22. f4 Bc6 23. Rxe5 Rxe5 24. fxe5 Nd7 25. e6 fxe6 26. Bc3 Nc5 27. Re1 a5 28. Bd4 Na6 29. a3 Rd8 30. Bb6 Rd3 31. Re3 Rxe3 32. Bxe3 a4 33. b4 Nc7 34. Kf2 Kf7 35. Bd4 Nb5 36. Bb2 Nd6 37. b5 Bxb5 38. Bc3 Bc6 39. Ke3 Nc4+ 40. Kd4 Nxa3 41. Bf1 Bb5 42. Bd3 Bxd3 43. Kxd3 Nb5 44. Be5 Na7 45. Kc4 g6 46. Bf4 h5 47. Bc1 Ke7 48. Kc5 Nc8 49. e5 Kd7 50. Kb4 Kc7 51. Ba3 Na7 52. Kxa4 Kc6 53. Ka5 Nb5 54. Bb2 Kc5 55. Bc1 b6+ 56. Ka6 Nd4 57. Bg5 b5 58. Be3 b4 0-1

[Event "CZE-chT2B 2223"]
[Site "Czech Republic"]
[Date "2022.12.18"]
[Round "5.4"]
[White "Kotyk, Vaclav"]
[Black "Pecka, Jan"]
[Result "0-1"]
[WhiteElo "2125"]
[BlackElo "1905"]
[PlyCount "46"]
[EventDate "2022.10.16"]
[EventType "team-tourn"]
[EventRounds "11"]
[EventCountry "CZE"]
[SourceTitle "EXT 2024"]
[Source "ChessBase"]
[SourceDate "2023.10.10"]
[SourceVersion "1"]
[SourceVersionDate "2023.10.10"]
[SourceQuality "1"]
[WhiteTeam "Kladno"]
[BlackTeam "Kobylisy"]
[WhiteTeamCountry "CZE"]
[BlackTeamCountry "CZE"]

1. d4 Nf6 2. c4 e6 3. Nc3 d5 4. cxd5 exd5 5. Bg5 Be7 6. e3 0-0 7. Bd3 c6 8. Qc2 Nbd7 9. Nge2 Re8 10. 0-0 h6 11. Bh4 Ne4 12. Bxe7 Qxe7 13. Rae1 Ndf6 14. Na4 Ng4 15. Nf4 Qh4 16. h3 Ngf6 17. g3 Qg5 18. Kh2 Nh5 19. h4 Qf5 20. Nc5 b6 21. Nxe4 Nxf4 22. Ng5 Nxd3 23. e4 dxe4 0-1

[Event "Ricany op 20th"]
[Site "Ricany"]
[Date "2022.09.02"]
[Round "8"]
[White "Strnadova, Monika"]
[Black "Pecka, Jan"]
[Result "0-1"]
[WhiteElo "1564"]
[BlackElo "1840"]
[PlyCount "56"]
[EventDate "2022.08.27"]
[EventType "swiss"]
[EventRounds "9"]
[EventCountry "CZE"]
[SourceTitle "CBM 210 Extra"]
[Source "ChessBase"]
[SourceDate "2022.11.30"]
[SourceVersion "1"]
[SourceVersionDate "2022.11.30"]
[SourceQuality "1"]

1. e4 c5 2. Nf3 Nc6 3. d4 cxd4 4. Nxd4 Nf6 5. Nc3 e5 6. Nb3 Bb4 7. Bd2 d5 8. exd5 Nxd5 9. Bd3 Be6 10. 0-0 0-0 11. Ne4 Bxd2 12. Qxd2 Nf4 13. Nbc5 Bd5 14. f3 b6 15. Nb3 Bxb3 16. axb3 Nxd3 17. Qxd3 Qxd3 18. cxd3 Rfd8 19. Rfd1 Nd4 20. Ra3 a5 21. Nd2 Nc2 22. Ra4 Rxd3 23. Re4 f6 24. Kf2 Rad8 25. Ke2 R3d5 26. Rc4 Nd4+ 27. Ke1 Nxb3 28. Rc2 Rxd2 0-1

[Event "Ricany op 20th"]
[Site "Ricany"]
[Date "2022.08.29"]
[Round "4"]
[White "Pecka, Jan"]
[Black "Vetrovsky, Michal"]
[Result "0-1"]
[WhiteElo "1840"]
[BlackElo "2122"]
[PlyCount "118"]
[EventDate "2022.08.27"]
[EventType "swiss"]
[EventRounds "9"]
[EventCountry "CZE"]
[SourceTitle "CBM 210 Extra"]
[Source "ChessBase"]
[SourceDate "2022.11.30"]
[SourceVersion "1"]
[SourceVersionDate "2022.11.30"]
[SourceQuality "1"]

1. d4 Nf6 2. c4 e6 3. Bg5 h6 4. Bh4 Be7 5. Nc3 b6 6. Nf3 Bb7 7. e3 d6 8. Bd3 Nbd7 9. Bg3 Nh5 10. e4 Nxg3 11. hxg3 e5 12. d5 Bf6 13. Qd2 Qe7 14. 0-0-0 0-0-0 15. Kb1 Bg5 16. Qc2 Kb8 17. b4 g6 18. Nd2 Bxd2 19. Qxd2 Qg5 20. Qc2 h5 21. Na4 Qe7 22. Rc1 Rdf8 23. c5 dxc5 24. bxc5 Nxc5 25. Nxc5 Qxc5 26. Qxc5 bxc5 27. Rxc5 f5 28. f3 Rf6 29. Kc2 fxe4 30. Bxe4 Rd8 31. Rb1 Rb6 32. Rcb5 Rdd6 33. Rxb6 axb6 34. Rd1 Kc8 35. f4 exf4 36. gxf4 Rf6 37. g3 Kd7 38. Kc3 c6 39. Kd4 Bc8 40. Rc1 Kd6 41. Rg1 Bf5 42. Rc1 Bd7 43. Rg1 Be8 44. Rc1 h4 45. Ke3 hxg3 46. Kf3 g2 47. Kg4 Rf8 48. Bxg2 Bd7+ 49. Kg3 Ra8 50. Rc2 Ra4 51. Bf3 Rd4 52. Rc3 Ra4 53. a3 Bf5 54. Bd1 Rd4 55. Rxc6+ Kd7 56. Bf3 Rd3 57. a4 Be4 58. Kg4 Bxf3+ 59. Kg5 Bxd5 0-1

[Event "Ricany op 20th"]
[Site "Ricany"]
[Date "2022.08.28"]
[Round "2"]
[White "Pecka, Jan"]
[Black "Soural, Jan"]
[Result "0-1"]
[WhiteElo "1840"]
[BlackElo "2144"]
[PlyCount "86"]
[EventDate "2022.08.27"]
[EventType "swiss"]
[EventRounds "9"]
[EventCountry "CZE"]
[SourceTitle "CBM 210 Extra"]
[Source "ChessBase"]
[SourceDate "2022.11.30"]
[SourceVersion "1"]
[SourceVersionDate "2022.11.30"]
[SourceQuality "1"]

1. d4 Nf6 2. c4 g6 3. Nc3 d5 4. cxd5 Nxd5 5. Bd2 Nxc3 6. Bxc3 Bg7 7. e4 0-0 8. Bc4 c5 9. d5 Bxc3+ 10. bxc3 e6 11. d6 Qf6 12. Qf3 Qe5 13. Qd3 Rd8 14. Rd1 Nc6 15. Nf3 Qg7 16. 0-0 Bd7 17. Rfe1 g5 18. h3 Ne5 19. Nxe5 Qxe5 20. Qg3 f6 21. Qxe5 fxe5 22. a4 Kf7 23. a5 b5 24. axb6 axb6 25. Ra1 b5 26. Bb3 Bc6 27. Rxa8 Bxa8 28. Ra1 Bxe4 29. Ra7+ Kf6 30. c4 bxc4 31. Bxc4 Rxd6 32. Rc7 Rc6 33. Rd7 Bd5 34. Bxd5 exd5 35. Rxd5 c4 36. Rd2 c3 37. Rc2 e4 38. Kf1 Ke5 39. Ke2 Kd4 40. Rc1 Kc4 41. Kd1 Kd3 42. Rc2 Ra6 43. Rc1 Ra2 0-1

[Event "Ricany op 20th"]
[Site "Ricany"]
[Date "2022.08.27"]
[Round "1"]
[White "Zabehlicky, Jiri"]
[Black "Pecka, Jan"]
[Result "0-1"]
[WhiteElo "1429"]
[BlackElo "1840"]
[PlyCount "50"]
[EventDate "2022.08.27"]
[EventType "swiss"]
[EventRounds "9"]
[EventCountry "CZE"]
[SourceTitle "CBM 210 Extra"]
[Source "ChessBase"]
[SourceDate "2022.11.30"]
[SourceVersion "1"]
[SourceVersionDate "2022.11.30"]
[SourceQuality "1"]

1. e4 c5 2. Nc3 Nc6 3. g3 g6 4. Bg2 Bg7 5. Nge2 e6 6. d3 Nge7 7. 0-0 0-0 8. Be3 Nd4 9. Qd2 Nec6 10. Rab1 Rb8 11. Bxd4 cxd4 12. Nd1 b5 13. b3 d6 14. Nb2 Qc7 15. Ra1 a6 16. a4 Bd7 17. axb5 axb5 18. Rfc1 Ra8 19. Nd1 Qb7 20. Rcb1 Ra6 21. Qc1 Rfa8 22. Rxa6 Qxa6 23. f4 Ra7 24. Nf2 Nb4 25. h3 Qa3 0-1

[Event "Klatovy op 28th"]
[Site "Klatovy"]
[Date "2022.07.02"]
[Round "1"]
[White "Pecka, Jan"]
[Black "Simet, Martin"]
[Result "0-1"]
[WhiteElo "1863"]
[BlackElo "2155"]
[PlyCount "68"]
[EventDate "2022.07.02"]
[EventType "swiss"]
[EventRounds "9"]
[EventCountry "CZE"]
[SourceTitle "EXT 2023"]
[Source "ChessBase"]
[SourceDate "2022.10.05"]
[SourceVersion "1"]
[SourceVersionDate "2022.10.05"]
[SourceQuality "1"]

1. e4 c5 2. Nf3 d6 3. Bb5+ Nd7 4. 0-0 g6 5. Re1 Bg7 6. c3 a6 7. Bf1 Qc7 8. d4 b6 9. Bf4 e5 10. Be3 Ngf6 11. Nbd2 0-0 12. dxe5 dxe5 13. Qc2 Bb7 14. Rad1 h6 15. h3 Rad8 16. Bd3 Rfe8 17. Nf1 c4 18. Be2 Nxe4 19. N1d2 Nxd2 20. Rxd2 b5 21. Red1 Nf8 22. Nh2 f5 23. Bf3 Rxd2 24. Qxd2 e4 25. Be2 Be5 26. Nf1 f4 27. Bd4 f3 28. gxf3 exf3 29. Bxf3 Bxf3 30. Re1 Bf4 31. Rxe8 Bxd2 32. Nxd2 Bc6 33. Re3 Kf7 34. Nf1 Ne6 0-1

[Event "CZE-ch Betsys Online Blitz"]
[Site "Chess.com INT"]
[Date "2021.04.17"]
[Round "10"]
[White "Ludvik, Tomas"]
[Black "Pecka, Jan"]
[Result "1-0"]
[WhiteElo "2203"]
[BlackElo "1759"]
[PlyCount "73"]
[EventDate "2021.04.17"]
[EventType "swiss (blitz)"]
[EventRounds "13"]
[EventCountry "CZE"]
[SourceTitle "CBM 201 Extra"]
[Source "ChessBase"]
[SourceDate "2021.05.31"]
[SourceVersion "1"]
[SourceVersionDate "2021.05.31"]
[SourceQuality "1"]

1. d4 Nf6 2. c4 e6 3. Nf3 b6 4. g3 Bb7 5. Bg2 Be7 6. 0-0 0-0 7. Nc3 d6 8. Qc2 Nbd7 9. e4 e5 10. d5 a5 11. h3 Ne8 12. Be3 Nc5 13. b3 Bc8 14. Nd2 f5 15. exf5 Bxf5 16. Nde4 Nxe4 17. Nxe4 Nf6 18. Nxf6+ Rxf6 19. Qd2 Qc8 20. g4 Bd7 21. Rae1 Rf7 22. f4 Bh4 23. Re2 h5 24. f5 hxg4 25. hxg4 a4 26. Be4 axb3 27. axb3 g6 28. Bg5 Bxg5 29. Qxg5 Rg7 30. f6 Qd8 31. Bxg6 Be8 32. f7+ Bxf7 33. Bxf7+ Kh8 34. Rh2+ Rh7 35. Rxh7+ Kxh7 36. Qg6+ Kh8 37. Qh6# 1-0

[Event "CZE-ch Betsys Online Blitz"]
[Site "Chess.com INT"]
[Date "2021.04.17"]
[Round "12"]
[White "Pecka, Jan"]
[Black "Benes, Miroslav"]
[Result "1-0"]
[WhiteElo "1759"]
[BlackElo "1977"]
[PlyCount "195"]
[EventDate "2021.04.17"]
[EventType "swiss (blitz)"]
[EventRounds "13"]
[EventCountry "CZE"]
[SourceTitle "CBM 201 Extra"]
[Source "ChessBase"]
[SourceDate "2021.05.31"]
[SourceVersion "1"]
[SourceVersionDate "2021.05.31"]
[SourceQuality "1"]

1. e4 c5 2. Nf3 d6 3. Bb5+ Nc6 4. 0-0 e5 5. Re1 Nge7 6. c3 a6 7. Bf1 Bg4 8. h3 Bxf3 9. Qxf3 Ng6 10. d3 Be7 11. Be3 0-0 12. Nd2 Bg5 13. g3 Bxe3 14. Qxe3 f5 15. exf5 Rxf5 16. Bg2 Qc7 17. Bd5+ Kh8 18. Ne4 Raf8 19. Ng5 Nd8 20. Ne6 Nxe6 21. Bxe6 R5f6 22. Bd5 Ne7 23. Bg2 Qb6 24. f4 Ng6 25. fxe5 Nxe5 26. Re2 h6 27. Rf1 Rxf1+ 28. Bxf1 Nf3+ 29. Kg2 Qc6 30. Qe4 Qxe4 31. dxe4 Ne5 32. Rd2 Rf6 33. a3 Kg8 34. b4 b6 35. Bxa6 Kf7 36. a4 Ke7 37. a5 bxa5 38. bxa5 Nf3 39. Rf2 Ne1+ 40. Kf1 Nf3 41. Be2 Nd2+ 42. Ke1 Rxf2 43. Kxf2 Nxe4+ 44. Kf3 Nxc3 45. a6 Nd5 46. a7 Nb6 47. Bb5 c4 48. Bxc4 Kd8 49. Bd5 Kc7 50. a8Q Nxa8 51. Bxa8 Kd8 52. Bd5 Ke7 53. Ke4 Kf6 54. g4 g6 55. Kf4 g5+ 56. Ke4 Kg6 57. Bc6 h5 58. Bd7 h4 59. Kd5 Kf6 60. Bf5 Ke7 61. Bg6 Kf6 62. Bh7 Kg7 63. Bd3 Kf6 64. Kxd6 Kg7 65. Ke6 Kh6 66. Kf5 Kg7 67. Kxg5 Kh8 68. Kxh4 Kg8 69. Kg5 Kg7 70. h4 Kg8 71. h5 Kg7 72. h6+ Kg8 73. Kg6 Kh8 74. Be4 Kg8 75. h7+ Kh8 76. Kh5 Kg7 77. g5 Kh8 78. g6 Kg7 79. Bf5 Kh8 80. Be6 Kg7 81. Bf5 Kh8 82. Bb1 Kg7 83. h8Q+ Kxh8 84. Kh6 Kg8 85. g7 Kf7 86. Ba2+ Kf6 87. g8Q Ke5 88. Qf7 Kd4 89. Qe6 Kc3 90. Qd5 Kb2 91. Qc4 Ka1 92. Bb3 Kb2 93. Kg5 Ka3 94. Kf4 Kb2 95. Ke3 Ka3 96. Ba4 Kb2 97. Qb3+ Kc1 98. Qc2# 1-0

[Event "CZE-ch Betsys Online Blitz"]
[Site "Chess.com INT"]
[Date "2021.04.17"]
[Round "5"]
[White "Pecka, Jan"]
[Black "Krelina, Jan1111"]
[Result "1-0"]
[WhiteElo "1759"]
[BlackElo "1523"]
[PlyCount "99"]
[EventDate "2021.04.17"]
[EventType "swiss (blitz)"]
[EventRounds "13"]
[EventCountry "CZE"]
[SourceTitle "CBM 201 Extra"]
[Source "ChessBase"]
[SourceDate "2021.05.31"]
[SourceVersion "1"]
[SourceVersionDate "2021.05.31"]
[SourceQuality "1"]

1. e4 c5 2. Nf3 Nc6 3. Bb5 g6 4. 0-0 Bg7 5. Re1 d6 6. c3 Bd7 7. d4 a6 8. Bf1 b6 9. Be3 Nf6 10. Nbd2 0-0 11. h3 Bc8 12. a3 Bb7 13. Bd3 Re8 14. Rc1 Rc8 15. Qe2 Nb8 16. d5 Nfd7 17. b4 Ne5 18. Nxe5 Bxe5 19. f4 Bg7 20. Bf2 cxb4 21. cxb4 b5 22. Nf3 Nd7 23. Qd2 Rxc1 24. Rxc1 Qa8 25. Rc2 Rc8 26. Kf1 Rxc2 27. Qxc2 Qc8 28. Ke2 Qxc2+ 29. Bxc2 e5 30. g3 exf4 31. gxf4 h6 32. h4 Kh7 33. Nd4 Nf6 34. Kf3 Ne8 35. a4 bxa4 36. Bxa4 Nc7 37. Bc6 Bc8 38. Nb3 Nb5 39. Na5 h5 40. Bb7 Bd7 41. Bxa6 Nc3 42. Bc4 Bh8 43. Nc6 Na4 44. b5 Bf6 45. b6 Bc8 46. Na7 Bb7 47. Kg3 Nb2 48. Bb5 Nd3 49. Bc6 Bxc6 50. dxc6 1-0

[Event "CZE-ch Betsys Online Blitz"]
[Site "Chess.com INT"]
[Date "2021.04.17"]
[Round "9"]
[White "Pecka, Jan"]
[Black "Mudrak, Josef"]
[Result "1-0"]
[WhiteElo "1759"]
[BlackElo "2187"]
[PlyCount "79"]
[EventDate "2021.04.17"]
[EventType "swiss (blitz)"]
[EventRounds "13"]
[EventCountry "CZE"]
[SourceTitle "CBM 201 Extra"]
[Source "ChessBase"]
[SourceDate "2021.05.31"]
[SourceVersion "1"]
[SourceVersionDate "2021.05.31"]
[SourceQuality "1"]

1. e4 c5 2. Nf3 Nc6 3. Bb5 g6 4. 0-0 Bg7 5. Re1 e6 6. c3 Nge7 7. d4 cxd4 8. cxd4 0-0 9. Nc3 a6 10. Bf1 d6 11. g3 Bd7 12. Bg2 Rc8 13. Be3 b5 14. Rc1 Na5 15. b3 Nac6 16. Qd2 Qa5 17. d5 Ne5 18. dxe6 Nxf3+ 19. Bxf3 Bxc3 20. Rxc3 Qxc3 21. Qxc3 Rxc3 22. exd7 Nc6 23. Bb6 Ne5 24. Bg2 Nxd7 25. Ba5 Rc2 26. Rd1 Rxa2 27. Bb4 a5 28. Bxd6 Rc8 29. e5 Nf8 30. Bb7 Rd8 31. Bc6 b4 32. Bd5 Ne6 33. Bc4 Rc8 34. Rd5 Kg7 35. Rb5 a4 36. Rxb4 axb3 37. Bxb3 Rb2 38. Rb7 Kg8 39. Bd5 Rxb7 40. Bxb7 1-0

[Event "CZE-ch Betsys Online Blitz"]
[Site "Chess.com INT"]
[Date "2021.04.17"]
[Round "1"]
[White "Richterova, Natasa1111"]
[Black "Pecka, Jan"]
[Result "0-1"]
[WhiteElo "1239"]
[BlackElo "1759"]
[PlyCount "82"]
[EventDate "2021.04.17"]
[EventType "swiss (blitz)"]
[EventRounds "13"]
[EventCountry "CZE"]
[SourceTitle "CBM 201 Extra"]
[Source "ChessBase"]
[SourceDate "2021.05.31"]
[SourceVersion "1"]
[SourceVersionDate "2021.05.31"]
[SourceQuality "1"]

1. d4 Nf6 2. Bg5 e6 3. Nf3 b6 4. e3 Bb7 5. Nbd2 h6 6. Bxf6 Qxf6 7. Bd3 d6 8. 0-0 Nd7 9. Qe2 c5 10. Ba6 Bxa6 11. Qxa6 Qd8 12. c3 Be7 13. Qb5 0-0 14. Ne4 d5 15. Ned2 a6 16. Qe2 c4 17. b3 b5 18. bxc4 bxc4 19. Rab1 Rb8 20. Rfc1 Qc7 21. Qd1 Ba3 22. Rc2 Rxb1 23. Qxb1 Rb8 24. Qd1 Qb7 25. Qe1 Qb5 26. Qf1 Nb6 27. Ne5 Na4 28. h3 f6 29. Ng4 Qa5 30. Nb1 Bb2 31. Qd1 Bxc3 32. Nxc3 Nxc3 33. Qd2 Rb1+ 34. Kh2 Ra1 35. Qxc3 Rxa2 36. Rxa2 Qxa2 37. Qb4 Kf7 38. Qb7+ Kg6 39. Qd7 c3 40. Qxe6 c2 41. Qe8+ Kh7 0-1

[Event "Ricany op"]
[Site "Ricany"]
[Date "2020.08.26"]
[Round "6"]
[White "Pecka, Jan"]
[Black "Le, Anh Dung"]
[Result "1-0"]
[WhiteElo "1610"]
[BlackElo "1616"]
[PlyCount "61"]
[EventDate "2020.08.22"]
[EventType "swiss"]
[EventRounds "9"]
[EventCountry "CZE"]
[SourceTitle "CBM 198 Extra"]
[Source "ChessBase"]
[SourceDate "2020.11.30"]
[SourceVersion "1"]
[SourceVersionDate "2020.11.30"]
[SourceQuality "1"]

1. b3 b6 2. Bb2 Bb7 3. Nf3 Nf6 4. g3 e6 5. Bg2 Be7 6. 0-0 d5 7. c4 0-0 8. d4 dxc4 9. bxc4 c5 10. e3 Nbd7 11. Nc3 cxd4 12. exd4 Qc7 13. Qe2 Ba6 14. Nd2 Rac8 15. Nb5 Bxb5 16. cxb5 Qc2 17. Rab1 Bb4 18. Bc1 Bc3 19. Rb3 Bxd4 20. Rd3 e5 21. Ba3 Nc5 22. Bxc5 Rxc5 23. Ra3 Bc3 24. Rd1 Rd8 25. Rxa7 e4 26. Nf1 Qxd1 27. Qxd1 Rcd5 28. Qb3 Bd4 29. Bxe4 Re5 30. Qxf7+ Kh8 31. Qxg7# 1-0

[Event "Ricany op"]
[Site "Ricany"]
[Date "2020.08.25"]
[Round "5"]
[White "Steiner, Juraj"]
[Black "Pecka, Jan"]
[Result "0-1"]
[WhiteElo "1953"]
[BlackElo "1610"]
[PlyCount "49"]
[EventDate "2020.08.22"]
[EventType "swiss"]
[EventRounds "9"]
[EventCountry "CZE"]
[SourceTitle "CBM 198 Extra"]
[Source "ChessBase"]
[SourceDate "2020.11.30"]
[SourceVersion "1"]
[SourceVersionDate "2020.11.30"]
[SourceQuality "1"]

1. d4 Nf6 2. c4 e6 3. Nc3 d5 4. cxd5 exd5 5. Bg5 Be7 6. e3 0-0 7. Bd3 c6 8. Qc2 Nbd7 9. Nge2 h6 10. Bh4 Re8 11. f3 Nh5 12. Bf2 Bg5 13. g4 Nhf6 14. e4 dxe4 15. Nxe4 Nxe4 16. fxe4 c5 17. 0-0 cxd4 18. Nxd4 Ne5 19. Bb5 Bd7 20. Qb3 Bxb5 21. Qxb5 Nxg4 22. Qb3 Bf6 23. Rad1 Bxd4 24. Rxd4 Qc7 25. Bg3 0-1

[Event "Klatovy op-B 24th"]
[Site "Klatovy"]
[Date "2018.07.08"]
[Round "9"]
[White "Kovar, Vaclav1111"]
[Black "Pecka, Jan"]
[Result "1-0"]
[WhiteElo "1688"]
[BlackElo "1383"]
[PlyCount "101"]
[EventDate "2018.06.30"]
[EventType "swiss"]
[EventRounds "9"]
[EventCountry "CZE"]
[SourceTitle "EXT 2019"]
[Source "ChessBase"]
[SourceDate "2018.10.10"]
[SourceVersion "1"]
[SourceVersionDate "2018.10.10"]
[SourceQuality "1"]

1. d4 Nf6 2. c4 e6 3. Nc3 d5 4. cxd5 exd5 5. Bg5 Be7 6. e3 Bf5 7. Rc1 c6 8. Nf3 Nbd7 9. h3 0-0 10. Bd3 Bxd3 11. Qxd3 Re8 12. 0-0 Ne4 13. Bxe7 Qxe7 14. Nd2 f5 15. Rfe1 Qh4 16. Ncxe4 fxe4 17. Qb3 Rab8 18. Nf1 Rf8 19. Rc2 Rf7 20. Ree2 Nf8 21. Rxc6 bxc6 22. Qxb8 h6 23. Qg3 Qd8 24. Rc2 Qb6 25. Qd6 Rf6 26. Qc5 Qa6 27. b3 Nd7 28. Qe7 Nb8 29. Qe5 Qb6 30. Ng3 Qb7 31. Nh5 Rf7 32. Nf4 Rf6 33. h4 Na6 34. Nh5 Rg6 35. Nf4 Rf6 36. h5 Kh7 37. Qe8 Rxf4 38. exf4 Nb4 39. Re2 Qa6 40. Qg6+ Kg8 41. Qg4 Nxa2 42. f5 c5 43. dxc5 Nc3 44. Re3 d4 45. Rxe4 Nxe4 46. Qxe4 Qa1+ 47. Kh2 Qc3 48. Qe5 Qxb3 49. Qxd4 a5 50. c6 Qb8+ 51. g3 1-0

[Event "Klatovy op-B 24th"]
[Site "Klatovy"]
[Date "2018.07.07"]
[Round "8"]
[White "Pecka, Jan"]
[Black "Mareska, Daniel"]
[Result "1/2-1/2"]
[WhiteElo "1383"]
[BlackElo "1697"]
[PlyCount "34"]
[EventDate "2018.06.30"]
[EventType "swiss"]
[EventRounds "9"]
[EventCountry "CZE"]
[SourceTitle "EXT 2019"]
[Source "ChessBase"]
[SourceDate "2018.10.10"]
[SourceVersion "1"]
[SourceVersionDate "2018.10.10"]
[SourceQuality "1"]

1. d4 d5 2. Nf3 Nf6 3. Bg5 e6 4. c4 Be7 5. e3 0-0 6. Bd3 Nbd7 7. 0-0 h6 8. Bf4 c5 9. Nc3 cxd4 10. exd4 dxc4 11. Bxc4 Nb6 12. Bb3 Nbd5 13. Nxd5 Nxd5 14. Bxd5 Qxd5 15. Re1 Bd6 16. Bxd6 Qxd6 17. Qe2 Rd8 1/2-1/2